000 00514nam a2200169 i 4500
001 129013
003 ES-MaACL
005 20230906193424.0
007 t|
008 070601s1929 mx ||||1| spa d
100 1 _aTejera, Humberto.
_9109579
245 1 0 _aCultores y forjadores de Méjico /
_cpor Humberto Tejera ; portada del aguafortista Manuel Iturbide.
260 _aMéjico :
_bLa Nación,
_c1929.
300 _aXI, 150 p. ;
_c23 cm.
700 1 _aIturbide, Manuel.
_9164142
852 _aES-MaACL
_jA-1048
999 _c129013
_d129013